Les champions universels de la WWE - Statistiques

Statistiques générales
  • Ce quiz a été pris 765 fois
  • Le résultat moyen est 11 sur 14
Statistiques - réponses
Show ou le titre a été gagné
Superstar qui a remporté le titre
Indices % Correct
Summerslam 2016 Finn Balor En battant Seth Rollins. Il devient le premier Champion Universel de l'histoire de la WWE.
96%
WWE RAW (29 août 2016) Kevin Owens En battant Big Cass, Roman Reigns et Seth Rollins dans un Fatal 4-Way Elimination Match, avec l'aide de l'intervention extérieure de Triple H
87%
Wrestlemania 33 Brock Lesnar Second règne le plus long de l'histoire du titre.
86%
Wrestlemania 35 Seth Rollins Cette superstar se surnomme le "Beast Slayer" grâce à cette victoire
83%
Payback 2020 Roman Reigns En battant The Fiend Bray Wyatt et Braun Strowman dans un Triple Threat No Holds Barred Match. Il s'agit du règne le plus long de l'histoire du titre.
82%
Fastlane 2017 Goldberg Il remporte son premier match en 12 ans et devient champion universel.
78%
Summerslam 2018 Roman Reigns Cette victoire fait également de cette superstar le 9e Grand Slam Champion.
77%
Summerslam 2019 Seth Rollins Il remporte à nouveau le titre face au même adversaire
76%
Summerslam 2020 Bray Wyatt En battant Braun Strowman dans un Falls Count Anywhere Match.
74%
Extreme Rules 2019 Brock Lesnar Il encaisse sa mallette Money in the Bank sur Seth Rollins.
73%
Crown Jewel 2018 Brock Lesnar Il bat Braun Strowman dans un match pour désigner le nouveau Champion.
72%
Wrestlemania 36 Braun Strowman En raison de la Pandémie de Covid-19 aux États-Unis, il a dû remplacer Roman Reigns, qui devait initialement affronter Goldberg et qui a été précédemment atteint d'une leucémie. Il devient également le 31e Triple Crown Champion.
66%
Super Showdown 2020 Goldberg Il crée la surprise en remportant le titre contre toutes attentes
66%
Crown Jewel 2019 Bray Wyatt Il bat Seth Rollins dans un Falls Count Anywhere Match. Ce titre fût drafté à SmackDown.
65%
Aucun quiz correspondant
Distribution des résultats
% des personnes avec chaque résultat
Percentile par nombre de réponses
Votre historique - résultats
Vous n’avez pas pris ce quiz